[Event "Quebec-ch U16"]
[Site "Montreal"]
[Date "1987.05.17"]
[Round "5"]
[White "Lavoie, Denis"]
[Black "Malo, Pascal"]
[Result "0-1"]
[WhiteElo "1312"]
[BlackElo "1569"]
[PlyCount "80"]
[EventDate "1987.05.15"]
[EventType "tourn"]
[EventRounds "7"]
[EventCountry "CAN"]
[SourceTitle "EXT 2022"]
[Source "ChessBase"]
[SourceDate "2021.10.06"]
[SourceVersion "1"]
[SourceVersionDate "2021.10.06"]
[SourceQuality "1"]

1. d4 d5 2. c4 dxc4 3. Nf3 Nf6 4. Nc3 e6 5. e3 Bb4 6. Bxc4 Nd5 7. Bd2 0-0 8. 0-0 Nc6 9. a3 Bxc3 10. Bxc3 Re8 11. Qc2 Nce7 12. e4 Nxc3 13. Qxc3 c6 14. Ne5 Qd6 15. Rac1 b5 16. Bb3 Bb7 17. Nd3 Red8 18. Nc5 Rab8 19. Rfd1 Qc7 20. Bxe6 fxe6 21. Nxe6 Qd6 22. Nxd8 Rxd8 23. Qb3+ Kh8 24. Qf7 a6 25. Rc3 Ba8 26. Rf3 c5 27. d5 Ng6 28. Qa7 Ne5 29. Rg3 Ng6 30. h4 Ne7 31. Rc1 c4 32. Qd4 Rg8 33. Rcc3 Ng6 34. h5 Nf4 35. Rgf3 Nxh5 36. Rh3 Nf4 37. Rh6 Qxh6 38. d6 Qg5 39. g3 Rf8 40. Kf1 Nd3 0-1